000 00625nam a2200241Ia 4500
003 OSt
005 20220918200543.0
006 a|||||r|||| 00| 0
007 ta
008 220917b |||||||| |||| 00| 0 eng d
024 _a89,308
037 _cTextual
040 _aARTS
_cARTS
_beng
041 _2eng
_aeng
082 _aU286, J5
100 _aStormer Carl
_994631
245 0 _aPolar aurora
260 _c1955
490 _aInternational monographs on radio ed by Edward Appleton and R L Smith Rose
650 _aGEOGRAPHY
942 _hU286, J5
_cTEXL
_2CC
999 _c212978
_d212978